000 02007nam a22002537a 4500
010 _aENG-109551
020 _c525.00
_a9789351344841
020 _c525.00
_a9351344843
035 _aEN-93084
037 _bDBAD/PUB
082 _a658.4520285
100 _aAnthony, Ray
245 0 0 _aKiller presentations with your iPad :
_cby Ray Anthony, Bob Levitus [and] Barbara Boyd
_bhow to engage your audience and win more business with the world's greatest gadget /
260 _aNew Delhi
_bMcGraw Hill Education
_c2014
270 _aP-24, Green Park Extn.
_bNew Delhi
_e110016
300 _axviii,248p. :
_c24cm(pbk)
_bill.
500 _aIncludes index
520 _a "Create innovative presentations with the world’s greatest communication tool. Killer Presentations with Your iPad enables presenters of all levels to ditch their tired old slides and bullet points and, instead, reimagine and reinvent their presentations with stunning results. The authors describe how to engage audiences with compelling videos, real-time data, specific apps and hardware, and they explain how to leverage presentation skills to this new, exciting format. The book includes a breakthrough model called P-XL2 (superscript) of Technology, Strategy, Creativity, and Psychology that will give your presentation an enormous winning advantage. It also includes a comprehensive resource section along with valuable examples, case studies, scripts, and checklists.Ray Anthony is the author of six business books and has taught presentations skills to thousands of people over his 25 years as a corporate trainer, executive coach and mentor, garnering rave reviews. Bob LeVitus has been considered one of the world’s leading authorities on the Macintosh and Mac OS for over 25 years"-- |c Provided by publisher.
650 _aBusiness presentations.
650 _a iPad (Computer)
_vHandbooks, manuals, etc.
700 _aLevitus, Bob
700 _aBoyd, Barbara
942 _2ddc
_cEN
_mANT
_h658.4520285
999 _c82998
_d82998